Thrown to the Wolves (Record no. 3488)
[ view plain ]
| 000 -LEADER | |
|---|---|
| fixed length control field | 00588nam a2200241 a 4500 |
| 020 ## - INTERNATIONAL STANDARD BOOK NUMBER | |
| ISBN | |
| 082 00 - DEWEY DECIMAL CLASSIFICATION NUMBER | |
| Classification number | 922.97 |
| Author Cutter | NAY |
| 100 ## - MAIN ENTRY--AUTHOR NAME | |
| Author name | Nayar, Pyarelal |
| 245 ## - TITLE STATEMENT | |
| Title | Thrown to the Wolves |
| Sub title | Abdul Ghaffar |
| 260 ## - PUBLICATION, DISTRIBUTION, ETC. (IMPRINT) | |
| Place of publication | Calcutta |
| Name of publisher | Eastlight Book House |
| Year of publication | 1966 |
| 300 ## - PHYSICAL DESCRIPTION | |
| Number of Pages | 164p |
| 500 ## - GENERAL NOTE | |
| General note | includes index and biblioraphy |
| 505 2# - FORMATTED CONTENTS NOTE | |
| Formatted contents note | index |
| 650 ## - SUBJECT ADDED ENTRY--TOPICAL TERM | |
| Topical Term | Abul Ghaffar Khan |
| 942 ## - ADDED ENTRY ELEMENTS (KOHA) | |
| Koha item type | Books |
| 700 1# - | |
| -- | Nayar, Pyarelal |
| Home library | Current library | Date acquired | Cost, normal purchase price | Full call number | Accession Number | Koha item type |
|---|---|---|---|---|---|---|
| Henry Martyn Institute Library | Henry Martyn Institute Library | 02/03/2010 | 10.00 | 922.97 NAY | 05343 | E-Books |
